[Event "Madrid ch Superveteranos 2021-2022"]
[Site "Madrid ESP"]
[Date "2022.04.27"]
[Round "7.4"]
[White "Cabañas Bravo, Juan Andres"]
[Black "Perez Pascual, Arturo"]
[Result "1-0"]
[WhiteElo "1891"]
[BlackElo "1686"]
[PlyCount "63"]
[EventDate "2022.04.18"]
[EventType "swiss"]
[EventRounds "7"]
[EventCountry "ESP"]
[SourceTitle "Ajedrez en Madrid"]
[Source "lmi"]
[SourceDate "2022.04.18"]
[SourceVersion "1"]
[SourceVersionDate "2022.04.28"]
[SourceQuality "1"]

1. e4 e5 2. c3 Nf6 3. d4 Nxe4 4. dxe5 Bc5 5. Qg4 Bxf2+ 6. Ke2 d5 7. Qxg7 Rf8 8.
Bh6 Bc5 9. Nf3 Nc6 10. Nbd2 Bf5 11. Nb3 Be7 12. Nbd4 Nxd4+ 13. Nxd4 Qd7 14. Ke3
O-O-O 15. Bf4 Bg6 16. Bb5 c6 17. Be2 h5 18. e6 Qe8 19. Raf1 f6 20. Nxc6 Nd6 21.
Nxe7+ Qxe7 22. Qxe7 Nf5+ 23. Kd2 Nxe7 24. Bh6 Rg8 25. Rxf6 Be4 26. Rhf1 h4 27.
Be3 b6 28. Bf4 d4 29. Ba6+ Bb7 30. Bxb7+ Kxb7 31. Rf7 Rde8 32. Bd6 1-0

[Event "Madrid ch Superveteranos 2021-2022"]
[Site "Madrid ESP"]
[Date "2022.04.27"]
[Round "7.5"]
[White "Calderon Martin, Antonio"]
[Black "Ortiz Landeira, Jose Antonio"]
[Result "1/2-1/2"]
[WhiteElo "1598"]
[BlackElo "1783"]
[PlyCount "71"]
[EventDate "2022.04.18"]
[EventType "swiss"]
[EventRounds "7"]
[EventCountry "ESP"]
[SourceTitle "Ajedrez en Madrid"]
[Source "lmi"]
[SourceDate "2022.04.18"]
[SourceVersion "1"]
[SourceVersionDate "2022.04.28"]
[SourceQuality "1"]

1. e4 c5 2. Nf3 Nc6 3. Bb5 Qc7 4. O-O a6 5. Bxc6 dxc6 6. h3 e5 7. d3 h6 8. Be3
Be6 9. Nc3 b6 10. Ne2 g5 11. Nh2 Ne7 12. c3 Bg7 13. d4 Rd8 14. Qa4 cxd4 15.
cxd4 exd4 16. Nxd4 Rd6 17. Nxe6 Rxe6 18. Qxa6 c5 19. Qb5+ Qc6 20. Qxc6+ Nxc6
21. f3 f5 22. Bf2 fxe4 23. Rfe1 O-O 24. Rxe4 Rxe4 25. fxe4 Re8 26. Rd1 Nd4 27.
Nf3 Rxe4 28. Nxd4 Bxd4 29. Bxd4 cxd4 30. Kf2 Kf7 31. Rc1 d3 32. Rd1 Re2+ 33.
Kf3 Rxb2 34. Rxd3 h5 35. Rb3 Rxa2 36. Rxb6 1/2-1/2

[Event "Madrid ch Superveteranos 2021-2022"]
[Site "Madrid ESP"]
[Date "2022.04.27"]
[Round "7.6"]
[White "Martinez Miura, Enrique"]
[Black "Martinez Rubio, Felipe"]
[Result "1/2-1/2"]
[WhiteElo "1582"]
[BlackElo "1632"]
[PlyCount "60"]
[EventDate "2022.04.18"]
[EventType "swiss"]
[EventRounds "7"]
[EventCountry "ESP"]
[SourceTitle "Ajedrez en Madrid"]
[Source "lmi"]
[SourceDate "2022.04.18"]
[SourceVersion "1"]
[SourceVersionDate "2022.04.28"]
[SourceQuality "1"]

1. e4 d6 2. d4 Nf6 3. Nc3 Nbd7 4. Nf3 e5 5. dxe5 dxe5 6. a3 c6 7. Bc4 h6 8. O-O
Be7 9. h3 g5 10. Nh2 Qc7 11. Bb3 Nc5 12. Qe2 Nxb3 13. cxb3 Be6 14. b4 b5 15.
Re1 Bc4 16. Qf3 Rd8 17. Be3 O-O 18. Ng4 Nxg4 19. Qxg4 Be6 20. Qh5 Kg7 21. Rac1
a6 22. Red1 Rxd1+ 23. Rxd1 Rd8 24. Rxd8 Qxd8 25. h4 f6 26. hxg5 fxg5 27. Qe2
Bc4 28. Qg4 Qd6 29. Bc5 Qc7 30. Bxe7 Qxe7 1/2-1/2

[Event "Madrid ch Superveteranos 2021-2022"]
[Site "Madrid ESP"]
[Date "2022.04.27"]
[Round "7.7"]
[White "Viñas Lopez, Carlos"]
[Black "Fernandez Garcia, Ignacio"]
[Result "0-1"]
[WhiteElo "1850"]
[BlackElo "1796"]
[PlyCount "82"]
[EventDate "2022.04.18"]
[EventType "swiss"]
[EventRounds "7"]
[EventCountry "ESP"]
[SourceTitle "Ajedrez en Madrid"]
[Source "lmi"]
[SourceDate "2022.04.18"]
[SourceVersion "1"]
[SourceVersionDate "2022.04.28"]
[SourceQuality "1"]

1. d4 d5 2. Bf4 Nf6 3. e3 g6 4. Nc3 Bg7 5. Be2 c6 6. Nf3 Nbd7 7. Ne5 O-O 8. h4
h5 9. f3 Qb6 10. b3 Qa5 11. Qd2 Re8 12. a3 Nf8 13. b4 Qd8 14. Kf2 N8h7 15. Rad1
Nd7 16. e4 Ndf6 17. Bh6 Bh8 18. Qd3 dxe4 19. Nxe4 Nxe4+ 20. Qxe4 Bf5 21. Qf4
Nf6 22. Bd3 Nd5 23. Qg3 Bxe5 24. dxe5 Qb6+ 25. Ke1 e6 26. Qf2 Kh7 27. Qxb6 axb6
28. Bc1 Nc3 29. Rd2 Nb1 30. Rd1 Nxa3 31. Bxf5 exf5 32. Bxa3 Rxe5+ 33. Kf2 Rxa3
34. Rd7 Kg7 35. Rxb7 b5 36. Rd1 f4 37. Rdd7 Rf5 38. Ke2 Ra1 39. Rdc7 Rf6 40.
Rb6 Re6+ 41. Kf2 Rae1 0-1

[Event "Madrid ch Superveteranos 2021-2022"]
[Site "Madrid ESP"]
[Date "2022.04.27"]
[Round "7.8"]
[White "Estrada Martinez, Cesar"]
[Black "Infante Martin, Alonso"]
[Result "1-0"]
[WhiteElo "1970"]
[BlackElo "1400"]
[PlyCount "45"]
[EventDate "2022.04.18"]
[EventType "swiss"]
[EventRounds "7"]
[EventCountry "ESP"]
[SourceTitle "Ajedrez en Madrid"]
[Source "lmi"]
[SourceDate "2022.04.18"]
[SourceVersion "1"]
[SourceVersionDate "2022.04.28"]
[SourceQuality "1"]

1. e4 e5 2. Nf3 Nc6 3. Bb5 a6 4. Ba4 Nf6 5. O-O Be7 6. Nc3 d6 7. d4 b5 8. Bb3
Bg4 9. dxe5 Nxe5 10. Bf4 Bxf3 11. gxf3 Qc8 12. Bxe5 dxe5 13. Nd5 Nxd5 14. Qxd5
O-O 15. Qxe5 Bd6 16. Qh5 Qe8 17. Kh1 Bf4 18. Rg1 g6 19. Rxg6+ Kh8 20. Rf6 Qe5
21. Rh6 Qe7 22. Rxh7+ Kg8 23. Rg1+ 1-0

[Event "Madrid ch Superveteranos 2021-2022"]
[Site "Madrid ESP"]
[Date "2022.04.27"]
[Round "7.10"]
[White "Becerra Baigorri, Jose"]
[Black "Cabrera Jimenez, Julio"]
[Result "1/2-1/2"]
[WhiteElo "1545"]
[BlackElo "1757"]
[PlyCount "92"]
[EventDate "2022.04.18"]
[EventType "swiss"]
[EventRounds "7"]
[EventCountry "ESP"]
[SourceTitle "Ajedrez en Madrid"]
[Source "lmi"]
[SourceDate "2022.04.18"]
[SourceVersion "1"]
[SourceVersionDate "2022.04.28"]
[SourceQuality "1"]

1. e4 c5 2. Nf3 d6 3. Nc3 Nf6 4. Be2 Nc6 5. d4 cxd4 6. Nxd4 e6 7. Be3 a6 8.
Nxc6 bxc6 9. O-O Be7 10. f4 O-O 11. Bf3 Bb7 12. Qd2 Qc7 13. Rad1 Rfd8 14. Qf2
c5 15. f5 exf5 16. exf5 Bxf3 17. Qxf3 Rab8 18. Bc1 Rd7 19. Nd5 Nxd5 20. Rxd5
Bf6 21. b3 c4 22. Rfd1 cxb3 23. cxb3 Qc2 24. R5d2 Qc5+ 25. Kh1 Re8 26. Rd5 Qb6
27. Bf4 Qb4 28. Bg3 Rde7 29. h3 Be5 30. Bxe5 Rxe5 31. Rxd6 Re1+ 32. Kh2 Rxd1
33. Rxd1 Qa5 34. a4 Qe5+ 35. Kh1 h6 36. Qd3 Qb2 37. Qxa6 Qxb3 38. Rf1 Qd5 39.
Qb5 Qe4 40. Qd7 Ra8 41. Ra1 Qe5 42. Rd1 Ra5 43. Rf1 f6 44. Qc8+ Kh7 45. Qc2 Qe8
46. Ra1 Qe5 1/2-1/2

[Event "Madrid ch Superveteranos 2021-2022"]
[Site "Madrid ESP"]
[Date "2022.04.27"]
[Round "7.11"]
[White "Lopez Manso, Jeronimo"]
[Black "Garcia Esteban, Ignacio"]
[Result "1-0"]
[WhiteElo "1397"]
[BlackElo "1730"]
[PlyCount "73"]
[EventDate "2022.04.18"]
[EventType "swiss"]
[EventRounds "7"]
[EventCountry "ESP"]
[SourceTitle "Ajedrez en Madrid"]
[Source "lmi"]
[SourceDate "2022.04.18"]
[SourceVersion "1"]
[SourceVersionDate "2022.04.28"]
[SourceQuality "1"]

1. f4 d5 2. e3 Nf6 3. Nf3 c5 4. b3 g6 5. Bb2 Bg7 6. Be2 Nc6 7. O-O O-O 8. d4
Ne4 9. c4 e6 10. Qc2 Nb4 11. Qc1 dxc4 12. Qxc4 b5 13. Qc1 Bd7 14. a3 Nd5 15.
Bd3 f5 16. Ne5 Bxe5 17. dxe5 Rc8 18. Bxe4 fxe4 19. Qe1 c4 20. bxc4 Rxc4 21. Bd4
Nxf4 22. Nd2 Nd3 23. Rxf8+ Qxf8 24. Qg3 Rc2 25. Nxe4 Bc6 26. Nf6+ Kh8 27. e4
Nc5 28. Rf1 Qh6 29. Be3 Qg7 30. Qh4 h5 31. Bg5 Nxe4 32. Nxe4 Qb7 33. Qf4 Rxg2+
34. Kxg2 Bxe4+ 35. Kg3 Bf5 36. Qd4 Qc7 37. Rc1 1-0

[Event "Madrid ch Superveteranos 2021-2022"]
[Site "Madrid ESP"]
[Date "2022.04.27"]
[Round "7.12"]
[White "Plaza Plaza, Prudencio"]
[Black "Hortelano Hap, Ramon"]
[Result "1/2-1/2"]
[WhiteElo "1245"]
[BlackElo "1650"]
[PlyCount "76"]
[EventDate "2022.04.18"]
[EventType "swiss"]
[EventRounds "7"]
[EventCountry "ESP"]
[SourceTitle "Ajedrez en Madrid"]
[Source "lmi"]
[SourceDate "2022.04.18"]
[SourceVersion "1"]
[SourceVersionDate "2022.04.28"]
[SourceQuality "1"]

1. d4 Nf6 2. Nf3 d5 3. e3 g6 4. c4 c6 5. Nc3 Bg7 6. cxd5 cxd5 7. Bb5+ Nbd7 8.
O-O O-O 9. Bd2 a6 10. Bxd7 Qxd7 11. Na4 Qd6 12. Rc1 Bg4 13. h3 Bf5 14. Ne5 Nd7
15. Nxd7 Bxd7 16. Nc5 Bc6 17. Qb3 Rab8 18. Bb4 Qd8 19. a4 a5 20. Ba3 Re8 21. f4
e6 22. Nd3 f6 23. Qc2 Rc8 24. b4 Bb5 25. Qxc8 Bxd3 26. Qxd8 Rxd8 27. Rfd1 axb4
28. Rxd3 bxa3 29. Rxa3 Ra8 30. Rc7 b5 31. Rb3 bxa4 32. Rbb7 Bf8 33. Ra7 Rxa7
34. Rxa7 a3 35. Kf2 Bd6 36. g4 Kf8 37. Ke2 Ke8 38. Kd3 Kd8 1/2-1/2

[Event "Madrid ch Superveteranos 2021-2022"]
[Site "Madrid ESP"]
[Date "2022.04.27"]
[Round "7.13"]
[White "Siddiqie, Kausar Iqbal"]
[Black "Ghavami, Mahmoud"]
[Result "0-1"]
[WhiteElo "1309"]
[BlackElo "1470"]
[PlyCount "62"]
[EventDate "2022.04.18"]
[EventType "swiss"]
[EventRounds "7"]
[EventCountry "ESP"]
[SourceTitle "Ajedrez en Madrid"]
[Source "lmi"]
[SourceDate "2022.04.18"]
[SourceVersion "1"]
[SourceVersionDate "2022.04.28"]
[SourceQuality "1"]

1. e4 c5 2. Nf3 d6 3. Bc4 Nf6 4. d3 e6 5. O-O Be7 6. e5 Nd5 7. Bb5+ Bd7 8. a4
Nc6 9. d4 a6 10. Bc4 Nc7 11. Bf4 d5 12. Ba2 Nb4 13. c4 Nxa2 14. cxd5 Nxd5 15.
Bg3 Nab4 16. Nc3 O-O 17. Qb3 Rb8 18. Rac1 Bc6 19. dxc5 Nd3 20. Nxd5 Qxd5 21.
Qxd5 Bxd5 22. Rcd1 Nxb2 23. Rxd5 exd5 24. e6 f6 25. Ne5 fxe5 26. Bxe5 Nxa4 27.
Bd6 Rbe8 28. f4 Nxc5 29. Bxe7 Rxe7 30. f5 g6 31. f6 Rxe6 0-1

[Event "Madrid ch Superveteranos 2021-2022"]
[Site "Madrid ESP"]
[Date "2022.04.27"]
[Round "7.14"]
[White "De Los Rios Camacho, Juan Antonio"]
[Black "Ureña Castellano, Antonio"]
[Result "0-1"]
[WhiteElo "1597"]
[BlackElo "1549"]
[PlyCount "92"]
[EventDate "2022.04.18"]
[EventType "swiss"]
[EventRounds "7"]
[EventCountry "ESP"]
[SourceTitle "Ajedrez en Madrid"]
[Source "lmi"]
[SourceDate "2022.04.18"]
[SourceVersion "1"]
[SourceVersionDate "2022.04.28"]
[SourceQuality "1"]

1. e4 c5 2. Nf3 Nc6 3. c3 d6 4. d3 e5 5. Be2 Nf6 6. Nbd2 Be7 7. h3 O-O 8. Nf1
h6 9. g4 Nh7 10. Ng3 b5 11. Nf5 Bxf5 12. gxf5 Bg5 13. Nxg5 Nxg5 14. h4 Nh7 15.
Be3 b4 16. Qd2 bxc3 17. bxc3 Kh8 18. Rb1 Rb8 19. Rb3 Rxb3 20. axb3 Qa5 21. Bd1
Qd8 22. f3 a5 23. Qa2 Qc7 24. Rg1 Ra8 25. Qg2 f6 26. Qa2 Ne7 27. Qg2 Rg8 28.
Be2 d5 29. Bd2 c4 30. d4 exd4 31. cxd4 Qb6 32. bxc4 Qxd4 33. cxd5 g5 34. h5 Rc8
35. Bd1 a4 36. Qf2 Qb2 37. Qa7 Nxd5 38. Qxa4 Qb6 39. Rg2 Ne3 40. Rf2 g4 41.
fxg4 Nxd1 42. Qxd1 Qd4 43. Qe2 Re8 44. Rf4 Ng5 45. e5 Qa1+ 46. Qd1 Rxe5+ 0-1

[Event "Madrid ch Superveteranos 2021-2022"]
[Site "Madrid ESP"]
[Date "2022.04.27"]
[Round "7.15"]
[White "Maseda Iglesias, Luis"]
[Black "Conchillo Roman, Jose Ignacio"]
[Result "1-0"]
[WhiteElo "1657"]
[BlackElo "1490"]
[PlyCount "99"]
[EventDate "2022.04.18"]
[EventType "swiss"]
[EventRounds "7"]
[EventCountry "ESP"]
[SourceTitle "Ajedrez en Madrid"]
[Source "lmi"]
[SourceDate "2022.04.18"]
[SourceVersion "1"]
[SourceVersionDate "2022.04.28"]
[SourceQuality "1"]

1. d4 Nf6 2. Nf3 g6 3. Nc3 Bg7 4. e4 d6 5. h3 O-O 6. Be3 Nbd7 7. e5 Ne8 8. Qd2
Nb6 9. O-O-O d5 10. Bh6 c6 11. h4 Nc4 12. Bxc4 dxc4 13. h5 Bf5 14. hxg6 Bxg6
15. Bxg7 Nxg7 16. Qh6 Nf5 17. Qh3 f6 18. g4 Ng7 19. Nh4 Qe8 20. Nxg6 Qxg6 21.
f4 f5 22. Rdg1 Rf7 23. g5 Ne6 24. Qe3 Rg7 25. Rh6 Qf7 26. d5 cxd5 27. Nxd5 Nf8
28. e6 Qe8 29. Nc7 Qa4 30. Nxa8 Qxa2 31. Nc7 Qa1+ 32. Kd2 Qa5+ 33. c3 Qxc7 34.
Qd4 Rg6 35. Rgh1 Rxe6 36. Rxe6 Nxe6 37. Qe5 Qc6 38. Re1 Nc5 39. Qxe7 Qd5+ 40.
Ke2 Qd3+ 41. Kf2 Ne4+ 42. Rxe4 Qxe4 43. Qxe4 fxe4 44. Ke3 Kf7 45. Kxe4 Kg6 46.
Ke5 b5 47. Ke6 a5 48. f5+ Kg7 49. Ke7 b4 50. f6+ 1-0

[Event "Madrid ch Superveteranos 2021-2022"]
[Site "Madrid ESP"]
[Date "2022.04.27"]
[Round "7.16"]
[White "Ramos Antona, Enrique"]
[Black "Garcia Marin, Blas"]
[Result "1-0"]
[WhiteElo "1540"]
[BlackElo "1347"]
[PlyCount "111"]
[EventDate "2022.04.18"]
[EventType "swiss"]
[EventRounds "7"]
[EventCountry "ESP"]
[SourceTitle "Ajedrez en Madrid"]
[Source "lmi"]
[SourceDate "2022.04.18"]
[SourceVersion "1"]
[SourceVersionDate "2022.04.28"]
[SourceQuality "1"]

1. d4 d5 2. c4 Nf6 3. Nc3 e6 4. cxd5 exd5 5. Bg5 c6 6. e3 h6 7. Bh4 Be7 8. Bd3
Be6 9. h3 Nbd7 10. Rc1 c5 11. Bg3 c4 12. Bb1 a6 13. Nge2 b5 14. O-O Nb6 15. Nf4
Bd7 16. Nh5 Rg8 17. Be5 Be6 18. b3 Nbd7 19. Bg3 b4 20. Na4 c3 21. Nf4 Nf8 22.
Nxe6 fxe6 23. Be5 Bd6 24. Bxd6 Qxd6 25. Nc5 N8d7 26. Bg6+ Ke7 27. Nd3 Raf8 28.
Nf4 Ne4 29. Bh7 Rxf4 30. exf4 Rf8 31. Bxe4 dxe4 32. g3 Nf6 33. Qe2 a5 34. Qc4
Nd5 35. Qc5 e3 36. Rfe1 exf2+ 37. Kxf2 Qxc5 38. dxc5 Rc8 39. f5 Rxc5 40. Rxe6+
Kf7 41. Rc2 Nf6 42. g4 Rd5 43. Ke2 Rd4 44. Re5 Nd5 45. Kf2 Nf4 46. Ke3 Rd2 47.
Rxd2 cxd2 48. Kxd2 Nxh3 49. Ke3 Kf6 50. Rxa5 Kg5 51. Ra7 Kf6 52. Rb7 Kg5 53.
Rxg7+ Kf6 54. Rg6+ Kf7 55. Rxh6 Ng5 56. Rb6 1-0

[Event "Madrid ch Superveteranos 2021-2022"]
[Site "Madrid ESP"]
[Date "2022.04.27"]
[Round "7.17"]
[White "Castro Uceda, Jose Antonio"]
[Black "Salgado Duarte, Pablo"]
[Result "0-1"]
[WhiteElo "1446"]
[BlackElo "1435"]
[PlyCount "130"]
[EventDate "2022.04.18"]
[EventType "swiss"]
[EventRounds "7"]
[EventCountry "ESP"]
[SourceTitle "Ajedrez en Madrid"]
[Source "lmi"]
[SourceDate "2022.04.18"]
[SourceVersion "1"]
[SourceVersionDate "2022.04.28"]
[SourceQuality "1"]

1. e4 e5 2. Qh5 d6 3. Bc4 g6 4. Qf3 Qf6 5. Qb3 Bh6 6. Nc3 Ne7 7. Bd5 c6 8. Bc4
O-O 9. Nf3 Nd7 10. a4 Nb6 11. O-O Nxc4 12. Qxc4 Be6 13. Qb4 Bc8 14. d4 Bxc1 15.
Raxc1 a5 16. dxe5 dxe5 17. Qc5 Be6 18. Qxe5 Qxe5 19. Nxe5 f5 20. exf5 Bxf5 21.
Rfe1 Nc8 22. Nc4 g5 23. Re5 b6 24. Ne3 Nd6 25. Nxf5 Nxf5 26. Re6 Rac8 27. Kf1
Nd4 28. Re7 Rf6 29. Ne4 Rg6 30. c3 Nf5 31. Re5 Rf8 32. Rd1 Ne3+ 33. Ke2 Nxd1
34. Kxd1 h6 35. Re7 Rd8+ 36. Ke2 Kf8 37. Rb7 c5 38. Rh7 Re8 39. f3 Re7 40. Rh8+
Kg7 41. Rd8 g4 42. Kf2 gxf3 43. gxf3 Rf7 44. Nd6 Rf4 45. Rd7+ Kg8 46. Rd8+ Rf8
47. Rd7 Rgf6 48. Ne4 Rxf3+ 49. Kg2 Re3 50. Ng3 Ref3 51. Ne4 R3f4 52. Re7 Rd8
53. Re6 Kg7 54. Kg3 Rdf8 55. b3 Rf3+ 56. Kg2 Re3 57. b4 axb4 58. cxb4 cxb4 59.
Re7+ Rf7 60. Re6 b3 61. Rxb6 Rxe4 62. a5 Rff4 63. Rxb3 Rb4 64. Rg3+ Rg4 65. a6
Rxg3+ 0-1